The art of asset allocation : Principles and investment strategies for any market
Covers the historic market events, instruments, asset classes, and economic forces that investors need to be aware of as they create asset-building portfolios. This book explains how to use modern asset allocation concepts and tools to augment returns and control risks in a wide range of financial m...
Saved in:
| Main Author: | |
|---|---|
| Format: | Book |
| Language: | Undetermined |
| Published: |
New York
McGraw-Hill
2008
|
| Subjects: | |
| Tags: |
Add Tag
No Tags, Be the first to tag this record!
|
| Institutions: | Trung tâm Học liệu Trường Đại học Cần Thơ |
|---|
| LEADER | 00896nam a2200205Ia 4500 | ||
|---|---|---|---|
| 001 | CTU_187076 | ||
| 008 | 210402s9999 xx 000 0 und d | ||
| 082 | |a 332.6 | ||
| 082 | |b D225 | ||
| 100 | |a Darst, David M. | ||
| 245 | 4 | |a The art of asset allocation : | |
| 245 | 0 | |b Principles and investment strategies for any market | |
| 245 | 0 | |c David M. Darst | |
| 260 | |a New York | ||
| 260 | |b McGraw-Hill | ||
| 260 | |c 2008 | ||
| 520 | |a Covers the historic market events, instruments, asset classes, and economic forces that investors need to be aware of as they create asset-building portfolios. This book explains how to use modern asset allocation concepts and tools to augment returns and control risks in a wide range of financial market environments. | ||
| 650 | |a Asset allocation,Phân bổ tài sản | ||
| 904 | |i Giang | ||
| 980 | |a Trung tâm Học liệu Trường Đại học Cần Thơ | ||